| 000 | 01119nam a22002411a 4500 | ||
|---|---|---|---|
| 001 | 17854 | ||
| 003 | OSt | ||
| 005 | 20260204212337.0 | ||
| 008 | 170102s2015||||dr ||||||b||||||||||spa|| | ||
| 090 | _aEDU-MF 2016 N85 | ||
| 100 | 1 |
_aNúñez Belén, Yajaira _esustentante |
|
| 245 | 1 | _aSituación actual del proceso enseñanza aprendizaje de la matemática / Yajaira Núñez Belén, Niño de Jesús Adbrincoles Velásquez y Jeferson Almánzar. ; asesor Wilson Heredia Amparo | |
| 260 |
_aCotuí, República Dominicana : _bUTECO, _c2016 |
||
| 300 | 1 |
_a89 hojas : _bIlustraciones ; _c28cm. |
|
| 502 | _aTrabajo de grado (Educación mención Matemática y Física)--Universidad Tecnológica del Cibao Oriental, 2016 | ||
| 504 | _aIncluye referencia bibliográfica e índice | ||
| 650 | 4 | _aSituación actual del proceso enseñanza aprendizaje | |
| 700 | 1 |
_a Adbrincoles Velásquez, Niño de Jesús _esustentante |
|
| 700 | 1 |
_a Almánzar, Jeferson _esustentante |
|
| 700 | 1 |
_a Wilson Heredia Amparo _easesor |
|
| 830 | _aTesis y disertaciones académicas (Universidad Tecnológica del Cibao Oriental) | ||
| 942 |
_2LC _cTH |
||
| 999 |
_c17854 _d17854 |
||